000 00737nam a2200241 a 4500
001 BRCA_6158
005 20190320205344.0
008 060711s1916----nyuao#####---#000-0#eng-#
041 _aeng
044 _anyu
050 4 _aD511
_b.L56 1916
100 1 _aTrebitsch-Lincoln, Ignatius Timothy
_d1879-1943
_915519
245 1 0 _aRevelations of an international spy
_cby I. T. T. Lincoln
260 _aNueva York
_bRobert M. McBride
_c1916
300 _a323 p.
_bil., fotografías
_c21 cm.
500 _aK41
650 1 4 _aGuerra Europea
_y1914-1918
_914945
650 1 4 _aServicio secreto
_zGran Bretaña
_915520
650 1 4 _aServicio secreto
_zAlemania
_97639
650 1 4 _aEuropa
_ePolítica
_y1871
_915521
902 _aGFM
942 _2lcc
_cB
999 _c5845
_d5845